Play therapy for preschool children /

"Play Therapy for Preschool Children is a comprehensive sourcebook of play interventions for preventing and resolving the most common disorders of children ages 3 to 5 years. Leading clinicians and researchers present both the research background and recent advances in play therapy adapted for...

Full description

Bibliographic Details
Other Authors: Schaefer, Charles E.
Format: eBook
Language:English
Published: Washington, DC : American Psychological Association, [2010]
Edition:1st ed.
Subjects:
Online Access:Connect to the full text of this electronic book

MARC

Tag First Indicator Second Indicator Subfields
LEADER 00000cam a2200000Ia 4500
001 in00003523977
005 20190407115754.0
006 m o d
007 cr |||||||||||
008 100824s2010 dcua ob 001 0 eng d
019 |a 612727767 
020 |z 9781433805660 
020 |z 1433805669 
035 |a (OCoLC)ocn657643542 
035 |a (OCoLC)657643542  |z (OCoLC)612727767 
040 |a VLB  |c VLB  |d IL4I4  |d PUL  |d CPE  |d STJ  |d OCLCQ  |d OCLCF  |d E7B  |d YDXCP  |d UtOrBLW 
049 |a TXAM 
050 1 4 |a RJ505.P6  |b P534 2010 
082 0 4 |a 618.92/891653  |2 22 
245 0 0 |a Play therapy for preschool children /  |c edited by Charles E. Schaefer. 
250 |a 1st ed. 
264 1 |a Washington, DC :  |b American Psychological Association,  |c [2010] 
264 4 |c ©2010 
300 |a 1 online resource (x, 333 pages) :  |b illustrations. 
336 |a text  |b txt  |2 rdacontent 
337 |a computer  |b c  |2 rdamedia 
338 |a online resource  |b cr  |2 rdacarrier 
504 |a Includes bibliographical references and index. 
505 0 |a Clinical and developmental issues in psychotherapy with preschool children : laying the groundwork for play therapy / Julie Blundon Nash and Charles E .Schaefer -- Evidence supporting the benefit of play for mild to moderate behavior problems of preschool children / Charles E. Schaefer -- Play therapy for insecurely attached preschool children / Helen E. Benedict and Diana Schofield -- Posttraumatic parenting : a parent-child dyadic treatment for young children's posttraumatic adjustment / Janine Shelby, Claudia Avina, and Heather Warnick -- Filial play therapy for grieving preschool children / Hilda R. Glazer -- Strategic play therapy techniques for anxious preschoolers / Paris Goodyear-Brown -- Use of play in child-parent psychotherapy with preschoolers traumatized by domestic violence / Manuela A. Diaz and Alicia F. Lieberman -- Cognitive-behavioral play therapy for preschoolers : integrating play and cognitive-behavioral interventions / Susan M. Knell and Meena Dasari -- Role of sociodramatic play in promoting self-regulation / Katherine A. Gioia and Renée M. Tobin -- Parent-child interaction therapy / Corissa L. Callahan, Monica L. Stevens, and Sheila Eyberg -- Jungian sandplay therapy for preschoolers with disruptive behavior problems / Eric Green and Kristi Gibbs -- Parents, teachers, and therapists using child-directed play therapy and coaching skills to promote children's social and emotional competence and build positive relationships / Carolyn Webster-Stratton and M. Jamila Reid -- From novice to expert : guiding children on the autism spectrum in integrated play groups / David Neufeld and Pamela Wolfberg -- Teaching social skills to developmentally delayed preschoolers / Johnny L. Matson and Jill C. Fodstad. 
500 |a Description based on print version record 
520 |a "Play Therapy for Preschool Children is a comprehensive sourcebook of play interventions for preventing and resolving the most common disorders of children ages 3 to 5 years. Leading clinicians and researchers present both the research background and recent advances in play therapy adapted for use with children who exhibit a variety of internalizing, externalizing, and developmental disorders as well as prevention programs for at-risk children. Case illustrations are used to demonstrate interventions for children with mild to moderate behavior problems, preschool children with insecure attachment, and children with posttraumatic issues. Contributors demonstrate how to use play therapy in conjunction with parent psychotherapy and cognitive-behavioral therapy, discuss interventions for autistic and developmentally delayed children, and illustrate the use of play interventions in classroom and parent-child settings. Throughout, chapter authors provide practical guidance for the full implementation of clinical ideas, from intake through termination. Clearly written and comprehensive in scope, this book is a must-have for any student or mental health professional who seeks a foil understanding of the latest theory and practice of play therapy with this uniquely vulnerable and often misunderstood population"--Jacket. (PsycINFO Database Record (c) 2010 APA, all rights reserved). 
500 |a Electronic resource. 
650 0 |a Play therapy. 
650 0 |a Child psychotherapy. 
650 1 2 |a Play Therapy. 
650 2 2 |a Child, Preschool. 
650 7 |a Child psychotherapy.  |2 fast  |0 (OCoLC)fst00854569 
650 7 |a Play therapy.  |2 fast  |0 (OCoLC)fst01066971 
655 7 |a Electronic books.  |2 local 
700 1 |a Schaefer, Charles E. 
730 0 |a PsycBOOKs. 
776 1 8 |i Print version:  |t Play therapy for preschool children.  |b 1st ed.  |d Washington, DC : American Psychological Association, c2010.  |w (OCoLC)344061947  |z 9781433805660 
856 4 0 |u http://proxy.library.tamu.edu/login?url=http://search.ebscohost.com/direct.asp?db=pzh&jid=200908925&scope=site  |z Connect to the full text of this electronic book  |t 0 
994 |a 92  |b TXA 
999 |a MARS 
999 f f |s a3877e8e-8a88-351d-937a-a553773e1737  |i de8cf762-32fd-3829-8338-15ca499a0495  |t 0 
952 f f |a Texas A&M University  |b College Station  |c Electronic Resources  |d Available Online  |t 0  |e RJ505.P6 P534 2010  |h Library of Congress classification 
998 f f |a RJ505.P6 P534 2010  |t 0  |l Available Online